000 00808nam a2200229 4500
003 OSt
005 20240618053116.0
006 a
008 240618b |||||||| |||| 00| 0 eng d
020 _a9789715520874
040 _aDWCL-Main lib.
_cOC
082 _aCirc. 355.033 F714r 2011
111 _aRhodora M. Joaquin, Eileen M. Arquiza
245 _aThe FSI (Foreign Service Institute) reader : regional security in the Asia Pacific /
260 _aPasay City, Phils. :
_bForeign Service Institute, Department of Foreign Affairs,
_cc2011.
300 _aiv,
_b121 p. ;
_c21 cm.
650 _a1. Security, International.
650 _a2. Asia–Foreign relations.
650 _a3. Pacific Area–Foreign relations.
711 _aRhodora M. Joaquin, Eileen M. Arquiza
942 _2ddc
_cBK-CIRC
_n0
_kCirc.
999 _c815
_d815